Sin gobierno (Record no. 164057)

MARC details
000 -LEADER
campo de control de longitud fija 00864nam a22001935i 4500
001 - NÚMERO DE CONTROL
campo de control 164057
003 - IDENTIFICADOR DE NÚMERO DE CONTROL
campo de control ES-MaACL
005 - FECHA Y HORA DE LA ÚLTIMA TRANSACCIÓN
campo de control 20250915063100.0
008 - DATOS DE LONGITUD FIJA--INFORMACIÓN GENERAL
campo de control de longitud fija 020507s1901 sp |||| | spa d
040 ## - FUENTE DE CATALOGACIÓN
Centro catalogador/agencia de origen CAM
Lengua de catalogación spa
Centro/agencia transcriptor CAM
100 1# - ENTRADA PRINCIPAL--NOMBRE DE PERSONA
Nombre de persona Rovira y Serra, Manuel,
Fechas asociadas al nombre 1865-1929
9 (RLIN) 132129
245 10 - MENCIÓN DEL TÍTULO
Título Sin gobierno
Resto del título : comedia en tres actos /
Mención de responsabilidad, etc. M. Rovira y Serra.
260 ## - PUBLICACIÓN, DISTRIBUCIÓN, ETC.
Lugar de publicación, distribución, etc. Barcelona :
Nombre del editor, distribuidor, etc. [s.n.],
Fecha de publicación, distribución, etc. 1901 (
Fabricante tipografía de Joaquín Collazos)
300 ## - DESCRIPCIÓN FÍSICA
Extensión 80 p. ;
Dimensiones 20 cm.
500 #1 - NOTA GENERAL
Nota general Estrenada en el teatro Principal de Barcelona, por la Compañía de E. Sánchez de León y Carlota Lamadrid, la noche del 14 de diciembre de 1901.
596 #1 - NOTA AL PIE DE IMPRENTA
NOTA AL PIE DE IMPRENTA En verso de antep. consta: "... de la Sociedad de Autores Españoles ..."
852 ## - LOCALIZACIÓN
Ubicación ES-MaACL
Número de control de estantería G-3519(3)
Nota libre -- Enc. hol., falto de la cub. original
-- -- Enc. en un vol. facticio
Holdings
Estatus retirado Estado de pérdida Estado de daño No para préstamo Biblioteca de origen Biblioteca actual Ubicación en estantería Fecha de adquisición Fuente de adquisición Total de préstamos Signatura topográfica completa Código de barras Visto por última vez Precio de reemplazo Tipo de ítem Koha
        Biblioteca del Ateneo de Madrid Biblioteca del Ateneo de Madrid Depósito 2 17/01/2008     G-3519(3) 1171940 23/02/2023 23/02/2023 Libro impreso antiguo